Big Data Fundamentals Concepts Drivers and Techniques (Record no. 11872)
[ view plain ]
| 000 -LEADER | |
|---|---|
| fixed length control field | 00476nam a22001937a 4500 |
| 003 - CONTROL NUMBER IDENTIFIER | |
| control field | OSt |
| 008 - FIXED-LENGTH DATA ELEMENTS--GENERAL INFORMATION | |
| fixed length control field | 230320b |||||||| |||| 00| 0 eng d |
| 020 ## - INTERNATIONAL STANDARD BOOK NUMBER | |
| International Standard Book Number | 9789332575073 |
| 082 ## - DEWEY DECIMAL CLASSIFICATION NUMBER | |
| Classification number | 004.65 ERB |
| 100 ## - MAIN ENTRY--PERSONAL NAME | |
| Personal name | ERL,Thomas |
| 245 ## - TITLE STATEMENT | |
| Title | Big Data Fundamentals Concepts Drivers and Techniques |
| 250 ## - EDITION STATEMENT | |
| Edition statement | IMP 1st |
| 260 ## - PUBLICATION, DISTRIBUTION, ETC. (IMPRINT) | |
| Place of publication, distribution, etc | UP |
| Name of publisher, distributor, etc | Pearson |
| Date of publication, distribution, etc | 2016 |
| 300 ## - PHYSICAL DESCRIPTION | |
| Extent | 218 |
| 650 ## - SUBJECT ADDED ENTRY--TOPICAL TERM | |
| Topical term or geographic name as entry element | Big Data Fundamentals |
| 700 ## - ADDED ENTRY--PERSONAL NAME | |
| Personal name | KHATTAK,Wajid |
| 700 ## - ADDED ENTRY--PERSONAL NAME | |
| Personal name | BUHLER,Paul |
| 942 ## - ADDED ENTRY ELEMENTS (KOHA) | |
| Source of classification or shelving scheme | Dewey Decimal Classification |
| Koha item type | Text Books |
| Withdrawn status | Lost status | Source of classification or shelving scheme | Damaged status | Not for loan | Collection code | Home library | Current library | Date acquired | Source of acquisition | Currency | Cost, normal purchase price | Bill Number | Total Checkouts | Full call number | Acc. no. / Barcode | Date last seen | Actual Cost, discounted price | Bill Date | Koha item type | Date last borrowed |
|---|---|---|---|---|---|---|---|---|---|---|---|---|---|---|---|---|---|---|---|---|
| Dewey Decimal Classification | MCA | PIET C-LIBRARY | PIET C-LIBRARY | 11/03/2023 | International Book Centre | IN RUPEES | 575.00 | IB/IN1277 | 004.65 ERB | 34682 | 20/03/2023 | 391.00 | 11/03/2023 | Reference Books | ||||||
| Dewey Decimal Classification | MCA | PIET C-LIBRARY | PIET C-LIBRARY | 11/03/2023 | International Book Centre | IN RUPEES | 575.00 | IB/IN1277 | 004.65 ERB | 34683 | 20/03/2023 | 391.00 | 11/03/2023 | Text Books | ||||||
| Dewey Decimal Classification | MCA | PIET C-LIBRARY | PIET C-LIBRARY | 11/03/2023 | International Book Centre | IN RUPEES | 575.00 | IB/IN1277 | 004.65 ERB | 34684 | 20/03/2023 | 391.00 | 11/03/2023 | Text Books | ||||||
| Dewey Decimal Classification | MCA | PIET C-LIBRARY | PIET C-LIBRARY | 11/03/2023 | International Book Centre | IN RUPEES | 575.00 | IB/IN1277 | 004.65 ERB | 34685 | 20/03/2023 | 391.00 | 11/03/2023 | Text Books | ||||||
| Dewey Decimal Classification | MCA | PIET C-LIBRARY | PIET C-LIBRARY | 11/03/2023 | International Book Centre | IN RUPEES | 575.00 | IB/IN1277 | 004.65 ERB | 34686 | 20/03/2023 | 391.00 | 11/03/2023 | Text Books | ||||||
| Dewey Decimal Classification | MCA | PIET C-LIBRARY | PIET C-LIBRARY | 11/03/2023 | International Book Centre | IN RUPEES | 575.00 | IB/IN1277 | 004.65 ERB | 34687 | 20/03/2023 | 391.00 | 11/03/2023 | Text Books | ||||||
| Dewey Decimal Classification | MCA | PIET C-LIBRARY | PIET C-LIBRARY | 11/03/2023 | International Book Centre | IN RUPEES | 575.00 | IB/IN1277 | 2 | 004.65 ERB | 34688 | 17/03/2025 | 391.00 | 11/03/2023 | Text Books | 03/03/2025 | ||||
| Dewey Decimal Classification | MCA | PIET C-LIBRARY | PIET C-LIBRARY | 11/03/2023 | International Book Centre | IN RUPEES | 575.00 | IB/IN1277 | 004.65 ERB | 34689 | 20/03/2023 | 391.00 | 11/03/2023 | Text Books | ||||||
| Dewey Decimal Classification | MCA | PIET C-LIBRARY | PIET C-LIBRARY | 11/03/2023 | International Book Centre | IN RUPEES | 575.00 | IB/IN1277 | 004.65 ERB | 34690 | 20/03/2023 | 391.00 | 11/03/2023 | Text Books | ||||||
| Dewey Decimal Classification | MCA | PIET C-LIBRARY | PIET C-LIBRARY | 11/03/2023 | International Book Centre | IN RUPEES | 575.00 | IB/IN1277 | 004.65 ERB | 34691 | 20/03/2023 | 391.00 | 11/03/2023 | Text Books |